Central Library OPAC University of Rajshahi

نسخهٔ صحیحهٔ گلستان : مع فرهنگ / Nuskhah-'i ṣaḥīḥah-'i Gulistān maʻa Farhang / (Record no. 82521)

MARC details
000 -LEADER
fixed length control field 01049cam a2200277 i 4500
001 - CONTROL NUMBER
control field 82521
003 - CONTROL NUMBER IDENTIFIER
rucl marc code BD-RjUL
005 - DATE AND TIME OF LATEST TRANSACTION
control field 20231223110710.0
008 - FIXED-LENGTH DATA ELEMENTS--GENERAL INFORMATION
fixed length control field 231223s1998 pk 000 0 urd
035 ## - SYSTEM CONTROL NUMBER
System control number (BD-RjUL)82521
040 ## - CATALOGING SOURCE
Original cataloging agency DLC
Language of cataloging eng
Description conventions rda
Transcribing agency DLC
041 1# - LANGUAGE CODE
Language code of text/sound track or separate title urd
-- per
Language code of original per
082 ## - DEWEY DECIMAL CLASSIFICATION NUMBER
Edition number 23
Classification number 891.551
Author mark and year SAF 1998
100 0# - MAIN ENTRY--PERSONAL NAME
Personal name ‏سعدى. ;; Saʻdī,
Relator term author.
9 (RLIN) 10657
245 10 - TITLE STATEMENT
Title نسخهٔ صحیحهٔ گلستان : مع فرهنگ / Nuskhah-'i ṣaḥīḥah-'i Gulistān maʻa Farhang /
246 14 - VARYING FORM OF TITLE
Title proper/short title Īn kitāb musammá bih Gulistān
264 #1 - PRODUCTION, PUBLICATION, DISTRIBUTION, MANUFACTURE, AND COPYRIGHT NOTICE
Place of production, publication, distribution, manufacture Lāhawr :‏لاهور :‏ :
Name of producer, publisher, distributor, manufacturer Malik Dīn Muḥammad,‏ملک دين محمد،‏ ,
Date of production, publication, distribution, manufacture, or copyright notice 1998
300 ## - PHYSICAL DESCRIPTION
Pagination 24, 244 pages ;
Size 28 cm
650 ## - SUBJECT ADDED ENTRY--TOPICAL TERM
Topical term or geographic name as entry element Persian Literature
700 02 - ADDED ENTRY--PERSONAL NAME
Personal name Saʻdī.
906 ## - LOCAL DATA ELEMENT F, LDF (RLIN)
a 7
b cbc
c orignew
d 2
e ncip
f 20
g y-nonroman
942 ## - ADDED ENTRY ELEMENTS (KOHA)
Source of classification or shelving scheme Dewey Decimal Classification
Koha item type Books
Holdings
Lost status Source of classification or shelving scheme Damaged status Not for loan Collection code Permanent Location Current Location Shelving location Date acquired Total Checkouts Full call number Date last seen Copy number Koha item type
  Dewey Decimal Classification   Not For Loan Non-fiction Central Library, University of Rajshahi Central Library, University of Rajshahi Reading Room 23/12/2023   F 891.551 SAF 1998 23/12/2023 C-1 Books